El Fútbol es ancho y ajeno: selección de referencias en la literatura y el arte de América Latina y Europa /
Gorde:
| Egile nagusia: | |
|---|---|
| Formatua: | Texto |
| Gaiak: | |
| Etiketak: |
Etiketa erantsi
Etiketarik gabe, Izan zaitez lehena erregistro honi etiketa jartzen!
|
MARC
| LEADER | 00000 a a2200000 04500 | ||
|---|---|---|---|
| 001 | 13198 | ||
| 003 | |||
| 040 | |||
| 100 | |a Carrión, Fernando | ||
| 245 | |a El Fútbol es ancho y ajeno: |b selección de referencias en la literatura y el arte de América Latina y Europa / |c Fernando Carrión | ||
| 650 | |a FUTBOL | ||
| 650 | |a LITERATURA | ||
| 650 | |a CINE | ||
| 650 | |a AMERICA LATINA | ||
| 650 | |a EUROPA | ||
| 773 | |g número 14 Primavera; páginas 30-39 | ||
| 999 | |c 32302 |d 32302 | ||
